000 00417nam a2200169Ia 4500
003 IT-RoPAU
008 120407s9999 xx 000 0 und d
040 _aIT-RoPAU
040 _cIT-RoPAU
100 _aPaolo Molinari
245 _aCommento al decreto sul rinnovamento della vita religiosa adattato alle circostanze odierne
250 _aMilano
260 _aAncora
300 _c cm
490 _v1
942 _cBK
999 _c694
_d694